|
|
|
|
| LEADER |
00896cam a22002771 4500 |
| 001 |
750438 |
| 005 |
20180110102213.0 |
| 008 |
851011m19561970ii a b 000 0 eng |
| 035 |
|
|
|9 (DLC)sa 62001055
|
| 906 |
|
|
|a 7
|b cbc
|c orignew
|d 4
|e ncip
|f 19
|g y-gencatlg
|
| 010 |
|
|
|a sa 62001055
|
| 040 |
|
|
|a DLC
|c DLC
|d DLC
|
| 043 |
|
|
|a a-ii---
|
| 050 |
0 |
0 |
|a HC437.B4
|b S53
|
| 082 |
0 |
0 |
|a 330.954/14
|
| 100 |
1 |
|
|a Sinha, Narendra Krishna.
|9 24582
|
| 245 |
1 |
4 |
|a The economic history of Bengal.
|
| 250 |
|
|
|a [1st ed.]
|
| 260 |
|
|
|a Calcutta,
|c 1956-70.
|
| 300 |
|
|
|a 3 v.
|b illus.
|c 23 cm.
|
| 500 |
|
|
|a Vols. 2-3, published by Firma K.L. Mukhopadyay, Calcutta.
|
| 504 |
|
|
|a Includes bibliographies.
|
| 505 |
0 |
|
|a v. 1-2. From Plassey to the permanent settlement.--v. 3. 1793-1848.
|
| 651 |
|
0 |
|a Bengal (India)
|x Economic conditions.
|9 24583
|
| 991 |
|
|
|b c-GenColl
|h HC437.B4
|i S53
|t Copy 1
|w BOOKS
|
| 999 |
|
|
|c 38965
|d 38965
|